Anagrammes aléatoires des pays d'Amérique du sud - Statistiques

Statistiques générales
  • Ce quiz a été pris 57 fois
  • Le résultat moyen est 9 sur 9
Statistiques - réponses
État % Correct
Brésil
100%
Chili
100%
Pérou
100%
Équateur
98%
Venezuela
98%
Bolivie
97%
Paraguay
97%
Uruguay
97%
Guyana
95%
Colombie
90%
Argentine
85%
Suriname
84%
Aucun quiz correspondant
Distribution des résultats
% des personnes avec chaque résultat
Percentile par nombre de réponses
Votre historique - résultats
Vous n’avez pas pris ce quiz